| 000 -LEADER |
| fixed length control field |
00925nam a2200229Ia 4500 |
| 001 - CONTROL NUMBER |
| control field |
17566 |
| 003 - CONTROL NUMBER IDENTIFIER |
| control field |
GE_BSU |
| 008 - FIXED-LENGTH DATA ELEMENTS--GENERAL INFORMATION |
| fixed length control field |
181216s||||||||xx |||||||||||||| ||und|| |
| 040 ## - CATALOGING SOURCE |
| Transcribing agency |
GE_BSU |
| 080 ## - UNIVERSAL DECIMAL CLASSIFICATION NUMBER |
| Universal Decimal Classification number |
697(035.5) |
| 100 ## - MAIN ENTRY--PERSONAL NAME |
| Personal name |
Щекин,Р.В. Кореневский,С.М. Бен,Г.Е. |
| 245 ## - TITLE STATEMENT |
| Title |
Справочник по теплоснабжению и вентиляции в гражданском строительстве. |
| 245 ## - TITLE STATEMENT |
| Statement of responsibility, etc. |
Ред: Э.А.Полторацкая, Э.Н.Сурыгина, З.Н.Волощенко. |
| 250 ## - EDITION STATEMENT |
| Edition statement |
Второе изд. перераб. и доп. |
| 260 ## - PUBLICATION, DISTRIBUTION, ETC. |
| Place of publication, distribution, etc. |
Киев. |
| 260 ## - PUBLICATION, DISTRIBUTION, ETC. |
| Name of publisher, distributor, etc. |
Госстройиздат. |
| 260 ## - PUBLICATION, DISTRIBUTION, ETC. |
| Date of publication, distribution, etc. |
1962. |
| 300 ## - PHYSICAL DESCRIPTION |
| Extent |
1019 стр. с илл. 23 см. |
| 300 ## - PHYSICAL DESCRIPTION |
| Accompanying material |
Табл. |
| 653 ## - INDEX TERM--UNCONTROLLED |
| Uncontrolled term |
Справочник по теплоснабжению и вентиляции в гражданском строительстве. |
| 942 ## - ADDED ENTRY ELEMENTS (KOHA) |
| Koha item type |
წიგნი |